Современное положение в России промысла сбора, культуры и обработки лекарственных растений по данным анкеты Департамента земледелия, произведенной в 1915 году / (Record no. 475223)
[ view plain ]
| 000 -LEADER | |
|---|---|
| fixed length control field | 01483nam a2200265 a 4500 |
| 001 - CONTROL NUMBER | |
| control field | 001185984 |
| 003 - CONTROL NUMBER IDENTIFIER | |
| control field | AM-YeHGA |
| 005 - DATE AND TIME OF LATEST TRANSACTION | |
| control field | 20250617161649.0 |
| 008 - FIXED-LENGTH DATA ELEMENTS--GENERAL INFORMATION | |
| fixed length control field | 161031s1916 ru |||||r|||||000|0|rus|d |
| 040 ## - CATALOGING SOURCE | |
| Original cataloging agency | AM-YeHGA |
| 041 0# - LANGUAGE CODE | |
| Language code of text/sound track or separate title | rus |
| 090 ## - LOCALLY ASSIGNED LC-TYPE CALL NUMBER (OCLC); LOCAL CALL NUMBER (RLIN) | |
| -- | 478512 |
| 245 00 - TITLE STATEMENT | |
| Title | Современное положение в России промысла сбора, культуры и обработки лекарственных растений по данным анкеты Департамента земледелия, произведенной в 1915 году / |
| Statement of responsibility, etc. | Сост. под ред. и. о. вице-дир. Деп. земл. А.И. Шахназарова, Б.А. Андреевым, А.Д. Воейковым и др.; М.З. Департамент земл. |
| 260 ## - PUBLICATION, DISTRIBUTION, ETC. | |
| Place of publication, distribution, etc. | Петроград : |
| Name of publisher, distributor, etc. | Тип. бр. В. и И. Линник, |
| Date of publication, distribution, etc. | 1916. |
| 300 ## - PHYSICAL DESCRIPTION | |
| Extent | 344 с. ; |
| Dimensions | 23 см. |
| 504 ## - BIBLIOGRAPHY, ETC. NOTE | |
| Bibliography, etc. note | Указ. рус. назв. раст.: с. 327-343 |
| 650 14 - SUBJECT ADDED ENTRY--TOPICAL TERM | |
| Topical term or geographic name entry element | Медицина |
| 650 14 - SUBJECT ADDED ENTRY--TOPICAL TERM | |
| Topical term or geographic name entry element | Общая терапия |
| 650 14 - SUBJECT ADDED ENTRY--TOPICAL TERM | |
| Topical term or geographic name entry element | Фармакология |
| 653 0# - INDEX TERM--UNCONTROLLED | |
| Uncontrolled term | Лекарственные растения |
| 700 1# - ADDED ENTRY--PERSONAL NAME | |
| Personal name | Шахназаров, Аршак Исаакович |
| Relator term | сост., ред. |
| Relationship | com |
| -- | edt |
| 700 1# - ADDED ENTRY--PERSONAL NAME | |
| Personal name | Андреев, Борис Арефьевич |
| Relator term | сост., ред. |
| Relationship | com |
| -- | edt |
| 700 1# - ADDED ENTRY--PERSONAL NAME | |
| Personal name | Воейков, Александр Дмитриевич |
| Relator term | сост., ред. |
| Relationship | com |
| -- | edt |
| 710 2# - ADDED ENTRY--CORPORATE NAME | |
| Corporate name or jurisdiction name as entry element | Департамент земледелия МЗ |
| Withdrawn status | Lost status | Damaged status | Not for loan | Collection | Home library | Current library | Date acquired | Total checkouts | Full call number | Barcode | Date last seen | Price effective from | Koha item type | Public note |
|---|---|---|---|---|---|---|---|---|---|---|---|---|---|---|
| General | Fundamental Scientific Library | Fundamental Scientific Library | 04/09/2018 | РД II/20149 | FL0516638 | 04/09/2018 | 04/09/2018 | Գրքեր / Books | 30 Days Loan |
ՀՀ Գիտությունների ազգային ակադեմիայի հիմնարար գիտական գրադարան = Fundamental Scientific Library of NAS RA
All site content, except where otherwise noted, is licensed under a